000 00709nam a2200253Ia 4500
003 OSt
005 20221006144818.0
006 a|||||r|||| 00| 0
007 ta
008 221006b |||||||| |||| 00| 0 eng d
020 _a0404024041
_c
_9.50
024 _a12,803
037 _cTextual
040 _aEASL
_cEASL
_beng
041 _2eng
_aeng
082 _aV41,1wD399, L1
100 _aFITZGERALD C P
245 0 _aSon of heaven
_b Birography of Lishib-min , fonuder of the Tang Dynasty
260 _aCambridge
_bCambridge university Press
_c1933
300 _a232p.
_ccm.
490 _v CEL
942 _hV41,1wD399, L1
_cTEXL
_2CC
999 _c1080889
_d1080889